00572nam a2200169 a 450000100100000000500170001000800410002704000250006808200200009310000370011324500640015026000450021430000200025950000710027965000300035065000220038000000892020200929161435.0090921s1997 dr 000 p spa d aDO-SdBNPbspacBNPHU aCu861.44bL864v1 aLópez Serrano, José Andrés10aVersos de entendimiento /cJosé Andrés López Serreno. aSanto Domingo :bAmigo del Hogar,c1997. a80 p. ;c22 cm. aIncluye datos biográficos del autor en la solapa de la cubierta. 4aPoesía religiosa cubana 4aLiteratura cubana